| 000 | 01177pam a2200289 a 4500 | ||
|---|---|---|---|
| 999 |
_c7226 _d7226 |
||
| 001 | 4035335 | ||
| 003 | OSt | ||
| 005 | 20210910131157.0 | ||
| 008 | 980916s1999 nyua b 001 0 eng | ||
| 010 | _a 98040910 | ||
| 020 | _a0195089561 (pbk. : alk. paper) | ||
| 040 |
_aDLC _cDDC _dDLC |
||
| 050 | 0 | 0 |
_aQK673 _b.R89 1999 |
| 082 | 0 | 0 | _a58.28RUZ1999 |
| 100 | 1 |
_aRuzin, Steven E., _d1951- _914850 |
|
| 245 | 1 | 0 |
_aPlant microtechnique and microscopy _cEdited by Ruzin,Steven E. |
| 260 |
_aNew York : _bOxford University Press, _c1999. |
||
| 300 |
_axi,322p; _bill; _c28cm |
||
| 504 | _aIncludes; bibliographical references (p. 289-306) and index. | ||
| 650 | 0 |
_aBiology _95602 |
|
| 856 | 4 | 2 |
_3Publisher description _uhttp://www.loc.gov/catdir/enhancements/fy0603/98040910-d.html |
| 856 | 4 | 1 |
_3Table of contents only _uhttp://www.loc.gov/catdir/enhancements/fy0603/98040910-t.html |
| 906 |
_a7 _bcbc _corignew _d1 _eocip _f19 _gy-gencatlg |
||
| 942 |
_2ddc _cO_SHELF |
||